000 01148cam a2200313 a 4500
001 14666789
003 OSt
005 20141119142210.0
008 061212s2007 nyu d 000 1 eng
010 _a 2006036241
020 _a9780060874186
040 _aDLC
_cDLC
_dDLC
042 _alcac
050 0 0 _aPZ 7
_b.F6395Be 2008
082 0 0 _aFIC
_bF64b 2007
100 1 _aFlinn, Alex.
_917309
245 1 0 _aBeastly /
_cAlex Flinn.
250 _a1st ed.
260 _aNew York :
_bHarperTeen,
_cc2008.
300 _a304 pages ;
_c19 cm.
520 _aA modern retelling of "Beauty and the Beast" from the point of view of the Beast, a vain Manhattan private school student who is turned into a monster and must find true love before he can return to his human form.
650 1 _aBeauty, Personal
_vFiction.
_917310
651 1 _aNew York (N.Y.)
_vFiction.
_917311
730 0 _aBeauty and the beast.
_lEnglish.
_917312
906 _a7
_bcbc
_corignew
_d1
_eecip
_f20
_gy-gencatlg
942 _2lcc
_cBK
999 _c276822
_d276822